Journal of Survey Statistics and Methodology

Dettagli Bibliografici
Natura: Elettronico Periodico
Lingua:English
Pubblicazione: American Association for Public Opinion Research
Soggetti:
Accesso online:Full text available on Oxford Academic
Off-campus access
LEADER 00968cas a2200205 a 4500
001 AALejournalOSO000296
008 230101c9999 xx r poo 0 0eng d
022 |a 2325-0984 
022 |a 2325-0992 
040 |a BD-DhAAL  |c BD-DhAAL 
245 0 0 |h [electronic resource]  |a Journal of Survey Statistics and Methodology 
260 |b American Association for Public Opinion Research 
300 |a 1 online resource 
500 |a <strong>Off-Campus Access:</strong> Athens ID and Password Required 
500 |a <strong>On-Campus Access:</strong> No User ID or Password Required 
506 |a Electronic access restricted to authorized BRAC University faculty, staff and students 
538 |a Mode of access: Internet 
650 4 |a Social Research and Statistics 
856 4 0 |z Full text available on Oxford Academic  |u https://academic.oup.com/jssam/issue 
856 4 0 |z Off-campus access  |u https://go.openathens.net/redirector/bracu.ac.bd?url=https%3A%2F%2Facademic.oup.com%2Fjssam%2Fissue